00516 2200181 4500245004800000020001800048250001100066100001800077700001600095650001700111005001900128260004100147041001400188084001300202300003400215500007600249336000900325 aDetektif Conan Buku 23cGosho, AoyamahText a979-20-1553-1 aCet. 1 aGosho, Aoyama aM. Gunarsah aKomik Jepang a20231005081031 aJakartabElex Media Komputindoc2000 aIndonesia a741.5592 a... jil. :bilus. ;c17,5 cm. alho kamu kan tidak sendiri... tampaknya mereka juga bersenabgat sekali. atext